[Event "24. Int. Boeblinger Open"]
[Site "Boeblingen"]
[Date "2007.12.26"]
[Round "1.9"]
[White "Bochis, Julia"]
[Black "Drabke, Lorenz Maximilian"]
[Result "0-1"]
[WhiteElo "1929"]
[BlackElo "2411"]
[PlyCount "68"]
[EventDate "2007.??.??"]

1. d4 d5 2. Nf3 Nf6 3. e3 c5 4. c3 Qc7 5. Bd3 Nc6 6. O-O Bg4 7. Nbd2 Rd8 8. Re1
e6 9. Qc2 c4 10. Bf1 Bd6 11. b3 Bf5 12. Qd1 b5 13. Bb2 O-O 14. a4 a6 15. b4 Ng4
16. g3 e5 17. Nh4 Bc8 18. Qc2 e4 19. Ng2 Rde8 20. Be2 Qd7 21. Nf1 Nf6 22. axb5
axb5 23. Ra8 Bb8 24. Ra2 Qh3 25. Nf4 Qh6 26. Qd1 g5 27. Nh5 Nxh5 28. Bxh5 Re7
29. g4 f5 30. gxf5 g4 31. Bxg4 Rg7 32. Ng3 Qh4 33. Bh5 Rxf5 34. Be8 Rxf2 0-1

[Event "24. Int. Boeblinger Open"]
[Site "Boeblingen"]
[Date "2007.12.26"]
[Round "1.10"]
[White "Rombaldoni, Axel"]
[Black "Aidam-Reinisch, Guenther"]
[Result "1-0"]
[WhiteElo "2399"]
[BlackElo "1924"]
[PlyCount "43"]
[EventDate "2007.??.??"]

1. e4 c5 2. Nf3 d6 3. d4 cxd4 4. Nxd4 Nf6 5. Nc3 g6 6. Be2 Bg7 7. O-O O-O 8.
Re1 Nc6 9. Nb3 a5 10. a4 Nb4 11. Bg5 h6 12. Bh4 b6 13. f3 Be6 14. Nd4 Qc8 15.
Ncb5 Bc4 16. c3 Bxe2 17. Qxe2 Nc6 18. Nc2 g5 19. Bf2 Nd7 20. Ne3 Rb8 21. Nd5
Rd8 22. Na7 1-0

[Event "24. Int. Boeblinger Open"]
[Site "Boeblingen"]
[Date "2007.12.26"]
[Round "1.12"]
[White "Dausch, Rene"]
[Black "Frey, Alisa"]
[Result "1-0"]
[WhiteElo "2351"]
[BlackElo "1907"]
[PlyCount "65"]
[EventDate "2007.??.??"]

1. d4 Nf6 2. Nf3 e6 3. g3 b5 4. Bg2 Bb7 5. Bg5 h6 6. Bxf6 Qxf6 7. c3 c5 8. O-O
Be7 9. Nbd2 O-O 10. e4 d5 11. Ne5 Rd8 12. Qe2 a6 13. f4 Ra7 14. Ng4 Qg6 15. f5
exf5 16. exf5 Qd6 17. f6 Bf8 18. Nb3 cxd4 19. fxg7 Bxg7 20. Nxd4 Bc8 21. Nf5
Bxf5 22. Rxf5 Re7 23. Qf2 Qg6 24. Nf6+ Kh8 25. Rxd5 Rxd5 26. Nxd5 Re8 27. Rf1
Qd3 28. Qxf7 Rf8 29. Qe6 Rxf1+ 30. Bxf1 Qd2 31. Qc8+ Kh7 32. Qf5+ Kh8 33. Bd3
1-0

[Event "24. Int. Boeblinger Open"]
[Site "Boeblingen"]
[Date "2007.12.26"]
[Round "1.14"]
[White "Beck, Frederik"]
[Black "Muench, Werner"]
[Result "1-0"]
[WhiteElo "2309"]
[BlackElo "1903"]
[PlyCount "35"]
[EventDate "2007.??.??"]

1. e4 e5 2. Nf3 Nf6 3. d4 Nxe4 4. Bd3 d5 5. Nxe5 Nd7 6. Nxd7 Bxd7 7. O-O Be7 8.
Nc3 Nf6 9. Qf3 Be6 10. h3 Qd7 11. Bf4 c6 12. Be5 h5 13. Rab1 Kf8 14. b4 Ne8 15.
b5 c5 16. dxc5 Bxc5 17. Ne2 Nd6 18. Nf4 1-0

[Event "24. Int. Boeblinger Open"]
[Site "Boeblingen"]
[Date "2007.12.26"]
[Round "1.16"]
[White "Cieza Vega, Arcadio"]
[Black "Geringer, Waldemar"]
[Result "1-0"]
[WhiteElo "2294"]
[BlackElo "1890"]
[PlyCount "55"]
[EventDate "2007.??.??"]

1. e4 c5 2. Nf3 d6 3. Bb5+ Bd7 4. a4 a6 5. Bc4 e6 6. O-O Nc6 7. Re1 Nf6 8. d4
cxd4 9. Nxd4 Qc7 10. Nxc6 Bxc6 11. Bd3 Be7 12. Bf4 Nd7 13. c3 g5 14. Be3 d5 15.
Bd4 e5 16. exd5 Bxd5 17. Bf5 Be6 18. Bxe6 fxe6 19. Qh5+ Kd8 20. Be3 Nf6 21. Qe2
Nd5 22. Nd2 Qc6 23. c4 Nf4 24. Bxf4 exf4 25. Nf3 Bf6 26. Ne5 Qc7 27. Rad1+ Kc8
28. Nd7 1-0

[Event "24. Int. Boeblinger Open"]
[Site "Boeblingen"]
[Date "2007.12.26"]
[Round "1.19"]
[White "Baumann, Martin"]
[Black "Hirneise, Tobias"]
[Result "0-1"]
[WhiteElo "1867"]
[BlackElo "2287"]
[PlyCount "62"]
[EventDate "2007.??.??"]

1. d4 Nf6 2. Nd2 c5 3. e3 cxd4 4. exd4 g6 5. Ngf3 Bg7 6. Bd3 O-O 7. O-O d6 8.
c3 Nc6 9. Re1 Qc7 10. Qe2 Re8 11. Ne4 Nxe4 12. Bxe4 e5 13. Qc4 exd4 14. cxd4
Qd7 15. Bd2 Rxe4 16. Rxe4 d5 17. Qxd5 Qxd5 18. Re8+ Bf8 19. Bh6 Qd8 20. Rxd8
Nxd8 21. Bxf8 Kxf8 22. d5 f6 23. Rc1 Bd7 24. Rc7 Rc8 25. Rxc8 Bxc8 26. Nd2 Ke7
27. Ne4 Nf7 28. f4 Nd6 29. Nc3 Bf5 30. g3 Ne4 31. Nb5 a6 0-1

[Event "24. Int. Boeblinger Open"]
[Site "Boeblingen"]
[Date "2007.12.26"]
[Round "1.20"]
[White "Hitzler, Philipp"]
[Black "Behm, Wilfried"]
[Result "1-0"]
[WhiteElo "2278"]
[BlackElo "1867"]
[PlyCount "41"]
[EventDate "2007.??.??"]

1. Nf3 d5 2. d4 Nf6 3. c4 c6 4. Nc3 Nbd7 5. e3 e6 6. Bd3 Bd6 7. O-O Ng4 8. e4
dxe4 9. Nxe4 Bc7 10. Bg5 Ngf6 11. Qe2 h6 12. Bh4 O-O 13. Rad1 Qe7 14. Ne5 Bd8
15. Nxd7 Bxd7 16. Nxf6+ gxf6 17. Qg4+ Kh8 18. Qe4 f5 19. Bxe7 fxe4 20. Bxf8
exd3 21. Bxh6 1-0